Vývoj strukturálního salda státního rozpočtu v České republice po vstupu do EU

Základné funkcie fiškálnej politiky. Štrukturálne saldo Českej republiky. Cyklický vývoj v ČR. Elasticita príjmov a výdavkov vládneho sektora vzľadom k DPH.

Na minha lista:
Detalhes bibliográficos
Autor principal: Machová, Zuzana
Formato: Capítulo de Livro
Idioma:tcheco
Assuntos:
Tags: Adicionar Tag
Sem tags, seja o primeiro a adicionar uma tag!

MARC

LEADER 00000naa a2200000 4500
001 0143737
005 20231204073347.6
041 0 |a cze 
044 |a CZ 
245 1 0 |a Vývoj strukturálního salda státního rozpočtu v České republice po vstupu do EU  |c Zuzana Machová 
520 |a Základné funkcie fiškálnej politiky. Štrukturálne saldo Českej republiky. Cyklický vývoj v ČR. Elasticita príjmov a výdavkov vládneho sektora vzľadom k DPH. 
610 2 0 |a rozpočet štátny 
610 2 0 |a saldo 
610 2 0 |a Česko 
610 2 0 |a politika fiškálna 
100 1 |a Machová, Zuzana